Finanční aktiva domácností
Rozhovor s členom výkonného výboru Živnostenskej banky T. Zralým, ktorý sa vyjadruje k štúdii, ktorú vypracovala banková skupina UniCredit s názvom Finančné aktíva domácností v novej Európe. Cieľom štúdie je snaha odhadnúť budúci vývoj hospodárenia s finančnými aktívami domácností v krajinách novej...
Gespeichert in:
| 1. Verfasser: | |
|---|---|
| Weitere Verfasser: | |
| Format: | Buchkapitel |
| Sprache: | Tschechisch |
| Schlagworte: | |
| Tags: |
Keine Tags, Fügen Sie das erste Tag hinzu!
|
MARC
| LEADER | 00000naa$a2200000$$$4500 | ||
|---|---|---|---|
| 001 | 0024627 | ||
| 005 | 20231010083421.3 | ||
| 041 | 0 | |a cze | |
| 044 | |a CZ | ||
| 245 | 1 | 0 | |a Finanční aktiva domácností |c Jana Chuchvalcová, Tomáš Zralý |
| 520 | |a Rozhovor s členom výkonného výboru Živnostenskej banky T. Zralým, ktorý sa vyjadruje k štúdii, ktorú vypracovala banková skupina UniCredit s názvom Finančné aktíva domácností v novej Európe. Cieľom štúdie je snaha odhadnúť budúci vývoj hospodárenia s finančnými aktívami domácností v krajinách novej Európy (novopridružených 15 krajín). Kľúčové údaje bohatstva a zadlženosti v jednotlivých krajinách EÚ. Podiel jednotlivých foriem sporení na celkovom bohatstve. Údaje za rok 2003. Porovnanie medzi starou a novou Európou. | ||
| 610 | 2 | 0 | |a domácnosti |
| 610 | 2 | 0 | |a aktíva |
| 610 | 2 | 0 | |a 2003 |
| 610 | 2 | 0 | |a financie |
| 610 | 2 | 0 | |a zadlženosť |
| 610 | 2 | 0 | |a úspory obyvateľstva |
| 610 | 2 | 0 | |a Česko |
| 610 | 2 | 0 | |a SVE |
| 610 | 2 | 0 | |a Európska únia |
| 610 | 2 | 0 | |a porovnanie medzinárodné |
| 100 | 1 | |a Chuchvalcová, Jana | |
| 700 | 1 | |a Zralý, Tomáš | |